000 00830nam a2200205Ii 4500
003 JO-AjNU
008 230605s9999||||xx |||||||||||||| ||und||
040 _aJO-AjNU
_bara
_erda
_cJO-AjNU
041 _aara
050 1 4 _aBP64.A5.Z27 2006
100 3 _aزرمان، محمد,
_eauthor
_924613
245 0 0 _aجمعية العلماء: الخطاب والقراءة
250 _aط1
264 3 1 _aعمان: دار الاعلام للنشر والتوزيع، 2006
300 _a188ص
_bقائمة المصادر والمراجع ص 177-186
336 _atext
_btxt
_2rdacontent
337 _aunmediated
_bn
_2rdamedia
338 _avolume
_bnc
_2rdacarrier
650 4 _aالدعوة الاسلامية- الحركات الفكرية عند المسلمين- جمعية العلماء المسلمين الجزائريين
_924614
999 _aA9091
_c12659
_d12659